[Event "ch-IRI"]
[Site "Mashad IRI"]
[Date "2003.09.29"]
[Round "8"]
[White "Abedian,S"]
[Black "Vaghar,M"]
[Result "1-0"]
[WhiteElo "2184"]
[BlackElo "2130"]

1.Nf3 Nf6 2.g3 g6 3.Bg2 Bg7 4.c4 O-O 5.O-O c6 6.Nc3 b6 7.d4 Ba6 8.Qa4 Bb7
9.e4 d5 10.cxd5 cxd5 11.e5 Ne8 12.Be3 Nc7 13.Rac1 Nc6 14.Rfd1 a6 15.b4 b5
16.Qb3 e6 17.Ne1 a5 18.a3 axb4 19.axb4 Na6 20.Nd3 Qb6 21.Bf1 Nxd4 22.Bxd4 Qxd4
23.Nxb5 Qb6 24.Nd6 Rab8 25.Qc2 Ba8 26.b5 Nb4 27.Nxb4 Bxe5 28.Nxf7 Rxf7 29.Nc6 Bxc6
30.bxc6 Bd4 31.Rxd4 Qxd4 32.Bh3 Qe5 33.Qd2 Qd6 34.Qd4 Re7 35.Bg4 Rc8 36.Qa4 Rec7
37.Re1 Re8 38.Rc1 Qe5 39.Qa5 Ree7 40.Re1 Qd6 41.Rxe6 Rxe6 42.Bxe6+ Kg7 43.Bxd5 Qe5
44.Qa2 g5 45.h3 Kf6 46.Kg2 Qd4 47.Bf3 Kg7 48.Qa5 Qd8 49.Qe5+ Kh6 50.Qe6+ Kg7
51.Qg4 Qf6 52.h4 h6 53.h5 Rf7 54.Qe4 Re7 55.Qc4 Rf7 56.Qg4 Kh8 57.Qe4 Re7
58.Qd5 Rf7 59.Qe4 Kg7 60.Qe2 Re7 61.Qd2 g4 62.Bd5 Qe5 63.Qd3 Qxh5 64.Qd4+ Kh7
65.Be4+ Kg8 66.c7 Re8 67.Qd5+ Qf7 68.Qxf7+ Kxf7 69.Bf5 h5 70.c8=Q Rxc8 71.Bxc8 Kf6
72.f4 gxf3+ 73.Kxf3 Kg5 74.Bh3 Kh6 75.Kf4 Kg6 76.Bd7 Kf6 77.Bf5 h4 78.g4 Kf7
79.g5 h3 80.Bxh3 Kg6 81.Kg4 Kg7 82.Kf5 Kf7 83.g6+ Kg7 84.Kg5 Kg8 85.Kf6  1-0

[Event "ch-IRI"]
[Site "Mashad IRI"]
[Date "2003.09.29"]
[Round "8"]
[White "Mousavi,S"]
[Black "Pirmaleki,S"]
[Result "1-0"]
[WhiteElo "2194"]
[BlackElo "2142"]

1.c4 Nf6 2.Nf3 g6 3.g3 Bg7 4.Bg2 O-O 5.O-O d6 6.d4 Nbd7 7.Nc3 c6 8.e4 e5
9.h3 Re8 10.Be3 exd4 11.Nxd4 Nc5 12.Qc2 a5 13.b3 Qe7 14.Rfe1 Bd7 15.Rad1 Rad8
16.Kh2 Bc8 17.Bc1 Qc7 18.Ba3 Qb6 19.f4 Na6 20.Qd2 h5 21.Nf3 Nc5 22.e5 Nh7
23.exd6 Nf8 24.Ne5 Re6 25.Qf2 Nfd7 26.Nxd7 Nxd7 27.c5 Qa7 28.Rxe6 fxe6 29.Na4 Nf6
30.Nb6 Nd5 31.Nxc8 Rxc8 32.Bxd5 exd5 33.Re1 Qb8 34.Qe2 Bf6 35.Qe6+ Kg7 36.Qd7+ Kg8
37.Qe6+ Kg7 38.Qd7+ Kg8 39.f5 g5 40.Qe6+ Kg7 41.Qd7+ Kg8 42.Re7 Rf8 43.Qe6+ Kh8
44.Rf7 Rxf7 45.Qxf7 Qd8 46.d7 Qe7 47.Qe8+ Kh7 48.Bb2 h4 49.Qg6+  1-0

[Event "ch-IRI"]
[Site "Mashad IRI"]
[Date "2003.09.30"]
[Round "9"]
[White "Bakhtshahi,M"]
[Black "Noroozi,O"]
[Result "0-1"]
[WhiteElo "2099"]
[BlackElo "2196"]

1.Nf3 Nf6 2.c4 g6 3.g3 Bg7 4.Bg2 O-O 5.O-O d6 6.d4 Nbd7 7.Nc3 c6 8.h3 a6
9.Be3 Qa5 10.a3 e5 11.b4 Qc7 12.dxe5 Nxe5 13.Nxe5 dxe5 14.Na4 Be6 15.Bb6 Qc8
16.Qc2 Bxh3 17.Bc5 Qg4 18.Bf3 Qg5 19.Bxf8 Rxf8 20.Bg2 Qh5 21.f3 e4 22.Rad1 Re8
23.Rfe1 b5 24.Nc3 Bh6 25.f4 Bxg2 26.Kxg2 Ng4 27.Rh1 Ne3+ 28.Kf2 Nxc2 29.Rxh5 gxh5
30.Nb1 bxc4 31.e3 Bg7 32.Rc1 Na1 33.Rxc4 Re6 34.Nd2 f5 35.Rc5 Rd6 36.Nc4 Rd3
37.Rxc6 Rc3 38.Rc8+ Bf8 39.Ke2 Rc2+ 40.Kd1 Rc3 41.Kd2 Rd3+ 42.Kc1 Nb3+ 43.Kc2 Na1+
44.Kb2 Rd1 45.a4 Kf7 46.b5 axb5 47.axb5 Bg7+ 48.Ka2 Nc2 49.b6 Rd3 50.Rc7+ Kf8
51.Ne5 Bxe5 52.fxe5 Nb4+ 53.Kb2 Na6 54.e6 Rd6 55.Rf7+ Ke8 56.b7 Rxe6 57.Rxh7 Re7
58.Rh8+ Kf7 59.b8=Q Nxb8 60.Rxb8 Kg6 61.Kc3 Rd7 62.Rg8+ Rg7 63.Rf8 Rd7 64.Rg8+ Kf7
65.Rg5 Rd3+ 66.Kc4 Kf6 67.Rxh5 Rxe3 68.Rh3 Kg5 69.Kd4 Rd3+ 70.Ke5 Kg4 71.Rh8 Rxg3
72.Rg8+ Kf3 73.Rf8 Rg5 74.Kf6 Kf4 75.Ra8 Rh5 76.Kg6 Rh1 77.Ra5 e3 78.Ra4+  0-1

[Event "2nd League TCh-SCG"]
[Site "Belgrade SCG"]
[Date "2003.10.01"]
[Round "5"]
[White "Hrzic,I"]
[Black "Tatisic,M"]
[Result "1/2-1/2"]
[WhiteElo "2296"]
[BlackElo "2261"]

1.Nf3 Nf6 2.c4 g6 3.g3 Bg7 4.Bg2 O-O 5.O-O d5 6.cxd5 Nxd5 7.d4 Nb6 8.Nc3 Nc6
9.e3 Be6 10.b3 Nd5 11.Na4 Bc8 12.Ba3 a5 13.Rc1 Ndb4 14.Qd2 e6 15.Rfd1 Re8
16.Ne1 Bf8 17.Bxb4 Bxb4 18.Qe2 Ra6 19.Nc5 Rb6 20.Qb2 Bxe1 21.Rxe1 Nb4 22.Red1 Qe7
23.a3 Na6 24.Qc3 Nxc5 25.dxc5 Ra6 26.Rd2 e5 27.Bf1 Ra8 28.Bb5 c6 29.Be2 Bh3
30.Rcd1 h5 31.Rd6 Qg5 32.e4 h4 33.Bc4 Bg4 34.R1d2 Qh5 35.Rf6 Re7 36.f3 Bh3
37.g4 Qg5 38.Rfd6 Kg7 39.Re2 Rae8 40.Qxa5 Qc1+ 41.Re1 Qf4 42.Qc3 f5 43.exf5 gxf5
44.Qe3 fxg4 45.Qxf4 exf4 46.Rde6 Rxe6 47.Rxe6 Rd8 48.fxg4 Bxg4 49.Re4 Rf8
50.Kf2 Kg6 51.Bd3 Kg5 52.Re7 Kf6 53.Re4 Rd8 54.Bc4 Kf5 55.Re7 Rd2+ 56.Kg1 h3  1/2-1/2

[Event "ch-Africa"]
[Site "Abuja NGR"]
[Date "2003.10.11"]
[Round "2"]
[White "Mbambara,T"]
[Black "Simutowe,A"]
[Result "0-1"]
[WhiteElo "2100"]
[BlackElo "2424"]

1.Nf3 Nf6 2.c4 g6 3.g3 Bg7 4.Bg2 O-O 5.O-O d6 6.Nc3 Nc6 7.d4 a6 8.Bf4 h6
9.h4 Ng4 10.Qd2 Kh7 11.d5 Nce5 12.b3 c5 13.dxc6 Nxc6 14.Qe1 e5 15.Bd2 f5
16.e3 g5 17.hxg5 hxg5 18.Nh2 Nxh2 19.Kxh2 e4 20.f4 exf3 21.Bxf3 Be5 22.Kg2 Kg7
23.Rh1 g4 24.Bd5 Rh8 25.Qf2 Rh3 26.Rxh3 gxh3+ 27.Kh1 Qf6 28.Rc1 Nb4 29.Qf1 Qg6
30.Qf3 Nxd5 31.Nxd5 Qg4 32.Rf1 Bd7 33.Kh2 Bc6 34.Qxg4+ fxg4 35.e4 Bxd5 36.exd5 Kg6
37.Bf4 Rf8 38.Rf2 Bxf4 39.gxf4 Re8 40.f5+ Kf6 41.Kg3 Kg5 42.Kh2 Kh4 43.Kg1 g3
44.Rf4+ Kg5 45.Rf1 Re2 46.Rd1 h2+ 47.Kh1 Kg4 48.Rd4+ Kh3  0-1

[Event "21st Muensterland Open"]
[Site "Senden GER"]
[Date "2003.10.18"]
[Round "3"]
[White "Lingnau,C"]
[Black "Dahmen,C"]
[Result "1-0"]
[WhiteElo "2419"]
[BlackElo "2033"]

1.Nf3 Nf6 2.c4 g6 3.g3 Bg7 4.Bg2 O-O 5.d4 d6 6.O-O Nbd7 7.Nc3 e5 8.e4 exd4
9.Nxd4 a6 10.h3 Rb8 11.Be3 Re8 12.b3 c5 13.Nde2 b5 14.Qxd6 Rb6 15.Qd3 bxc4
16.bxc4 Qc7 17.f4 Rd8 18.Rad1 Bb7 19.e5 Ne8 20.Nd5 Bxd5 21.Bxd5 Qb8 22.Nc3 Nc7
23.Ne4 Rb2 24.Ng5  1-0

[Event "After Holidays IM"]
[Site "Tel Aviv ISR"]
[Date "2003.10.20"]
[Round "2"]
[White "Ben Pinchas,N"]
[Black "Gutzeit,A"]
[Result "1/2-1/2"]
[WhiteElo "2146"]
[BlackElo "2145"]

1.Nf3 Nf6 2.c4 g6 3.g3 Bg7 4.Bg2 O-O 5.O-O d6 6.Nc3 c5 7.d3 Nc6 8.Rb1 e5
9.a3 a5 10.Ne1 Bd7 11.b3 Qc8 12.Bg5 Ra6 13.Nc2 Bh3 14.Bxf6  1/2-1/2

[Event "300 Years"]
[Site "St Petersburg RUS"]
[Date "2003.10.21"]
[Round "4"]
[White "Iljin,A"]
[Black "Alaguzov,M"]
[Result "1/2-1/2"]
[WhiteElo "2473"]
[BlackElo "2120"]

1.Nf3 Nf6 2.c4 g6 3.g3 Bg7 4.Bg2 O-O 5.O-O d6 6.d4 Nc6 7.Nc3 Bf5 8.d5 Na5
9.Nd4 Bd7 10.b3 c5 11.dxc6 Nxc6 12.Bb2 Qa5 13.e3 Bg4 14.Qd2 Rac8 15.h3 Bd7
16.Rfd1 Qh5 17.g4 Qg5 18.f4 Qa5 19.Nxc6 Bxc6 20.Nd5 Qd8 21.Nxf6+ Bxf6 22.Bxf6 exf6
23.Qxd6 Qe8 24.Qd4 Bxg2 25.Kxg2 Qe7 26.Kf2 Rcd8 27.Qc3 Qe4 28.Rac1 Rfe8 29.Rd4 Rxd4
30.Qxd4 Qe7 31.Rd1 Qa3 32.Qa1 Qc5 33.Qc3 h6 34.Rd5 Qe7 35.Qd3 Qa3 36.Qd2 Qe7
37.Qd3 Qa3 38.Qc2 Qe7 39.Qc3 Qe4 40.Rd1 Qe7 41.c5 f5 42.gxf5 Qh4+ 43.Kg2 Qh5
44.Qd3 gxf5 45.Kh2 Kh7 46.Rg1 a6 47.b4 Rg8 48.Rxg8 Kxg8 49.a4 Qf3 50.Qd2 Kf8
51.b5 axb5 52.axb5 h5 53.h4 Ke8 54.Qb2 Kd8 55.Qg2 Qxe3 56.Qd5+ Ke7 57.Qe5+ Qxe5
58.fxe5  1/2-1/2

[Event "After Holidays IM"]
[Site "Tel Aviv ISR"]
[Date "2003.10.23"]
[Round "5"]
[White "Ben Pinchas,N"]
[Black "Lymar,I"]
[Result "1/2-1/2"]
[WhiteElo "2146"]
[BlackElo "2392"]

1.Nf3 Nf6 2.c4 g6 3.g3 Bg7 4.Bg2 O-O 5.O-O d6 6.Nc3 Nc6 7.d3 e5 8.Rb1 a5
9.a3 h6 10.b4 axb4 11.axb4 Be6 12.b5 Ne7 13.Qb3 Nd7 14.Nd2 Nc5 15.Qc2 Qd7
16.Nce4 Nxe4 17.Nxe4 f5 18.Nc3 Rab8 19.Nd5 Kh7 20.Bb2 f4 21.Be4 Bh3 22.Nxe7 Qxe7
23.Rfe1 Qf6 24.f3 fxg3 25.hxg3 Bf5 26.Kg2 h5 27.Rh1 Bxe4 28.dxe4 Bh6 29.Bc1  1/2-1/2

[Event "WYg18"]
[Site "Halkidiki GRE"]
[Date "2003.10.26"]
[Round "4"]
[White "Chistiakova,T"]
[Black "Zawadzka,J"]
[Result "1-0"]
[WhiteElo "2314"]
[BlackElo "2228"]

1.Nf3 Nf6 2.c4 g6 3.g3 Bg7 4.Bg2 O-O 5.d4 d6 6.Nc3 a6 7.O-O Nc6 8.d5 Na5
9.b3 c5 10.Bb2 Rb8 11.Nd2 b5 12.Rb1 e5 13.dxe6 Bxe6 14.cxb5 axb5 15.Nde4 Ne8
16.Qd2 c4 17.Nd5 Bxd5 18.Qxd5 Nc7 19.Qd2 Bxb2 20.Rxb2 Ne6 21.Nxd6 Qc7 22.Ne4 f5
23.Qd5 Qf7 24.Nd6 Qf6 25.Rc2 Rfd8 26.e4 fxe4 27.Bh3 Kg7 28.Bxe6 Rb6 29.Nxe4 Rxd5
30.Nxf6 Rd8 31.Bd5 Kxf6 32.bxc4 Rbb8 33.Rb1 Ke5 34.Rcb2 Kd4 35.Rxb5 Rxb5
36.Rxb5 Nxc4 37.Bxc4 Kxc4 38.Ra5 Rd6 39.Ra7 h5 40.a4 Re6 41.h4 Kc5 42.a5 Rf6
43.Ra8 Kb5 44.Kf1 Re6 45.Kg2 Rf6 46.f3 Kc5 47.g4 hxg4 48.fxg4 Kd5 49.Kg3 Ke4
50.a6 Rf3+ 51.Kg2 Ra3 52.a7 Ra2+ 53.Kf1 Ra1+ 54.Ke2 Ra2+ 55.Kd1  1-0

[Event "WYb16"]
[Site "Halkidiki GRE"]
[Date "2003.10.28"]
[Round "6"]
[White "Lenic,L"]
[Black "Koneru,H"]
[Result "1/2-1/2"]
[WhiteElo "2352"]
[BlackElo "2485"]

1.Nf3 Nf6 2.c4 g6 3.g3 Bg7 4.Bg2 O-O 5.O-O d6 6.d4 c6 7.Nc3 Nbd7 8.e4 e5
9.Re1 Re8 10.h3 exd4 11.Nxd4 a5 12.Bf4 Ne5 13.b3 Nfd7 14.Be3 Nc5 15.Re2 f5
16.exf5 gxf5 17.Rd2 Qf6 18.Nde2 Ne4 19.Rc2 a4 20.Rb1 axb3 21.axb3 Nxc3 22.Rxc3 Ra2
23.Nc1 Ra3 24.Ne2 Ra2 25.Nc1 Ra8 26.Ne2 Bd7 27.Bd4 Qh6 28.Re3 Nf7 29.Bxg7 Qxg7
30.Rxe8+ Rxe8 31.Nf4 Qc3 32.Rc1 Qe5 33.Qd2 Ra8 34.Kh2 Qa5 35.Qd4 Qc5 36.Rd1 Rd8
37.Qxc5 dxc5 38.Bf3 Kg7 39.Nh5+ Kg6 40.Nf4+ Kf6 41.Nd3 b6 42.Ra1  1/2-1/2

[Event "3rd Rohde Open"]
[Site "Sautron FRA"]
[Date "2003.10.28"]
[Round "4"]
[White "Calotescu,C"]
[Black "Gouliev,N"]
[Result "0-1"]
[WhiteElo "2304"]
[BlackElo "2457"]

1.Nf3 Nf6 2.c4 g6 3.g3 Bg7 4.Bg2 O-O 5.d4 d6 6.O-O Nbd7 7.Nc3 e5 8.e4 Re8
9.h3 c6 10.Be3 exd4 11.Nxd4 Nc5 12.Qc2 Qe7 13.Rfe1 Bd7 14.f3 Nh5 15.Kh2 f5
16.exf5 Nxg3 17.Kxg3 Bxd4 18.Bxd4 Qg5+ 19.Kh2 Qf4+ 20.Kh1 Qxd4 21.fxg6 Nd3
22.gxh7+ Kh8 23.Rxe8+ Rxe8 24.Ne4 Bf5 25.Qc3 Qxc3 26.bxc3 Bxe4 27.fxe4 Kxh7
28.Rb1 b6 29.Kh2 Ne5 30.h4 Kh6 31.Rf1 Kg7 32.Bh3 Nxc4 33.Bf5 Ne3 34.Rg1+ Kf6
35.Bg6 Re5 36.Kh3 Rc5 37.h5 Rxc3 38.Kh4 Ra3 39.h6 Rxa2 40.h7 Rh2+ 41.Kg3 Kxg6
42.Kxh2+ Kxh7 43.Kg3 Nc4 44.Kf4 a5 45.Kf5 b5 46.Ke6 b4 47.e5 dxe5 48.Kf7 Nd6+
49.Ke6 Nb5 50.Kf7 Kh6 51.Kf6 Kh5 52.Kxe5 b3 53.Kf5 Kh6 54.Kf6 Kh7 55.Kf7 Nd6+
56.Ke6 Ne4 57.Kf7 Kh6 58.Rg6+ Kh5 59.Rxc6 a4 60.Rb6 Nc5 61.Rb5 a3 62.Rxc5+ Kg4
63.Kf6 a2 64.Rc4+ Kf3 65.Ra4 b2 66.Ra3+ Ke4  0-1

[Event "ch-City"]
[Site "Mendoza ARG"]
[Date "2003.10.30"]
[Round "2"]
[White "Gatti,J"]
[Black "Needleman,G"]
[Result "1/2-1/2"]
[WhiteElo "2046"]
[BlackElo "2195"]

1.Nf3 Nf6 2.g3 g6 3.Bg2 Bg7 4.c4 O-O 5.O-O d6 6.d4 Nbd7 7.Nc3 e5 8.dxe5 dxe5
9.h3 Qe7 10.Be3 c6 11.Ng5 Rd8 12.Qc1 h6 13.Nge4 Nxe4 14.Nxe4 f5 15.Nc3 Kh7
16.Rd1 Nf6 17.Rxd8 Qxd8 18.Qc2 Be6 19.Rd1 Qe7 20.b3 e4 21.Qd2 a6 22.Qd6 Qf7
23.Na4 Bf8 24.Qe5 Nd7 25.Qc7 b5 26.Qxc6 Rb8 27.Qc7 bxa4 28.Rxd7 Qxd7 29.Qxb8 Bg7
30.Qa7 Qd1+ 31.Kh2 axb3 32.axb3 a5 33.Qe7 Qd7 34.Qxd7 Bxd7 35.Bb6 a4 36.bxa4 Bxa4
37.f3 Bb3 38.c5 Bd5 39.fxe4 fxe4 40.h4 Bd4 41.Bh3 Bc4 42.Bf1 Be3 43.Ba7 Kg7
44.Bg2 Bd5 45.Bh3 Bc4 46.Bg2 Bd5 47.g4 g5 48.Kg3  1/2-1/2

[Event "3rd Rohde Open"]
[Site "Sautron FRA"]
[Date "2003.10.30"]
[Round "6"]
[White "Makarov,M"]
[Black "Gouliev,N"]
[Result "1-0"]
[WhiteElo "2517"]
[BlackElo "2457"]

1.Nf3 Nf6 2.c4 g6 3.g3 Bg7 4.Bg2 O-O 5.d4 d6 6.O-O Nbd7 7.Nc3 e5 8.e4 c6
9.h3 Qb6 10.b3 exd4 11.Na4 Qc7 12.Nxd4 Re8 13.Re1 a6 14.Nc3 b6 15.Nxc6 Qxc6
16.e5 Qxg2+ 17.Kxg2 Bb7+ 18.Nd5 Nxd5 19.cxd5 Bxe5 20.Rb1 Nf6 21.Bb2 Nxd5
22.Kh2 b5 23.Qd2 b4 24.Rbc1 Nc3 25.Bxc3 bxc3 26.Rxc3 Bxc3 27.Qxc3 Be4 28.g4 Re5
29.Kg3 Rae8 30.Qc7 g5 31.Qxd6 R5e6 32.Qd2 h6 33.f3 Bg6 34.Rxe6 Rxe6 35.a4 f6
36.b4 Be8 37.Qd5 Bf7 38.Qc5 Kg7 39.b5 axb5 40.axb5 Re5 41.Qc6 Bd5 42.Qd7+ Kg6
43.b6  1-0

[Event "3rd Rohde Open"]
[Site "Sautron FRA"]
[Date "2003.11.01"]
[Round "8"]
[White "Calotescu,C"]
[Black "Smith,Mat"]
[Result "1-0"]
[WhiteElo "2304"]
[BlackElo "1953"]

1.Nf3 Nf6 2.c4 g6 3.g3 Bg7 4.Bg2 O-O 5.d4 d6 6.O-O c5 7.Nc3 Na6 8.h3 Rb8
9.Be3 Bd7 10.Rc1 Qc8 11.dxc5 dxc5 12.Bf4 Ra8 13.Kh2 Nh5 14.Nd5 Re8 15.Be5 e6
16.Ne3 Bc6 17.Bxg7 Nxg7 18.Ng4 Nh5 19.Qb3 f6 20.Qc3 e5 21.a3 b6 22.Rfd1 Rd8
23.Rxd8+ Qxd8 24.Ng5 fxg5 25.Bxc6 Rb8 26.Bd5+ Kg7 27.Qxe5+ Nf6 28.Qxg5 Nxd5
29.Qh6+ Kg8 30.cxd5 Nc7 31.e4 Ne8 32.Qd2  1-0

[Event "ch-UKR"]
[Site "Simferopol UKR"]
[Date "2003.11.04"]
[Round "1"]
[White "Tatarinov,M"]
[Black "Kononenko,Dmitry1"]
[Result "1/2-1/2"]
[WhiteElo "2297"]
[BlackElo "2468"]

1.Nf3 Nf6 2.c4 g6 3.g3 Bg7 4.Bg2 O-O 5.Nc3 d6 6.d4 Nbd7 7.d5 e5 8.dxe6 fxe6
9.O-O Qe7 10.Be3 c6 11.Qd2 d5 12.cxd5 exd5 13.Rac1 Nb6 14.b3 Bf5 15.a4 c5
16.Nxd5 Nbxd5 17.Bxc5 Qd8 18.Bxf8 Ne4 19.Be7 Nxe7 20.Qxd8+ Rxd8 21.Rc7 Rd7
22.Rxd7 Bxd7 23.Ne5 Bf5 24.Nc4 Nc5 25.Nd6 Nxb3 26.Nxf5 gxf5 27.Rb1 Nc5 28.a5 a6
29.Rc1 Nb3 30.Rc7 Kf8 31.Rxb7 Nxa5 32.Rb6 Nc4 33.Rxa6 Be5 34.e3 Kf7 35.Bf1 Nd2
36.Be2 Ne4 37.Bc4+ Kg7 38.Kg2 Nc5 39.Rb6 Ne4 40.Bd3 Nc5 41.Bc4 Ne4 42.Bb3 Nc5
43.Bc2 Bc7 44.Rb5 Bd6 45.h3 h6 46.g4 fxg4 47.hxg4 Nd5 48.Bb3 Nf6 49.f3 Kf8
50.Bc4 Ncd7 51.Be2 Bc5 52.e4 Bd6 53.g5 hxg5 54.Rxg5 Ke7 55.Ra5 Be5 56.Bb5 Nf8
57.Bc4 Ng6 58.Kf2 Bd4+ 59.Kg3 Be5+ 60.Kf2 Bd4+ 61.Ke2 Nf4+ 62.Kd2 Ng6 63.Ra6 Nf4
64.Rc6 Nd7 65.Rh6 Ne5 66.Be2 Ng2 67.Ra6 Be3+ 68.Kd1 Nf4 69.Ra3 Bc5 70.Ra5 Kd6
71.Ra6+ Kc7 72.Ra5 Kd6 73.Rb5 Ng2 74.Rb3 Nf4 75.Kd2 Nc6  1/2-1/2

[Event "TCh-SWE 2003-4"]
[Site "Malmo SWE"]
[Date "2003.11.10"]
[Round "2"]
[White "Couso,L"]
[Black "Borvander,T"]
[Result "1-0"]
[WhiteElo "2377"]
[BlackElo "2180"]

1.Nf3 Nf6 2.c4 g6 3.g3 Bg7 4.Bg2 O-O 5.O-O d6 6.Nc3 a6 7.Rb1 e5 8.d3 Nc6
9.b4 Ne7 10.Qb3 Rb8 11.a4 b6 12.Bg5 h6 13.Bxf6 Bxf6 14.b5 a5 15.Nd5 Bg7 16.Nd2 Kh8
17.e3 f5 18.Rbe1 g5 19.Qd1 Bd7 20.f4 gxf4 21.exf4 Be8 22.Kh1 Ng6 23.Bh3 exf4
24.Nxf4 Nxf4 25.Rxf4 Bd7 26.Ref1 Qe7 27.Bxf5 Bxf5 28.Rxf5 Rxf5 29.Rxf5 Qe3
30.Ne4 Re8 31.Qf3 Qd4 32.Kg2 Re7 33.Rf8+  1-0

[Event "1st Chesspangenberg Open"]
[Site "Buenos Aires ARG"]
[Date "2003.11.11"]
[Round "7"]
[White "Bielicki,C"]
[Black "Ibanez,F"]
[Result "1-0"]
[WhiteElo "2283"]
[BlackElo "2093"]

1.Nf3 Nf6 2.c4 g6 3.g3 Bg7 4.Bg2 O-O 5.O-O d6 6.d4 c5 7.Nc3 Nc6 8.d5 Na5
9.Nd2 a6 10.Rb1 Nd7 11.Qc2 Ne5 12.b3 b5 13.Nd1 Rb8 14.Bb2 bxc4 15.bxc4 Naxc4
16.Nxc4 Nxc4 17.Qxc4 Rb4 18.Qc2 Qb6 19.Bxg7 Rxb1 20.Bb2 Rxb2 21.Nxb2 Bd7
22.Nc4 Qc7 23.Rb1 Rb8 24.Rxb8+ Qxb8 25.a3 Qe8 26.e4 Ba4 27.Qb2 Qb5 28.Bf1 f6
29.Qxb5 axb5 30.Nb6 Bc2 31.Bxb5 Bxe4 32.a4 e6 33.a5 exd5 34.a6  1-0

[Event "1st Chesspangenberg Open"]
[Site "Buenos Aires ARG"]
[Date "2003.11.12"]
[Round "8"]
[White "Szmetan,J"]
[Black "Converset,J"]
[Result "1/2-1/2"]
[WhiteElo "2404"]
[BlackElo "2238"]

1.Nf3 Nf6 2.c4 g6 3.g3 Bg7 4.Bg2 O-O 5.O-O d6 6.d4 c6 7.Nc3 Qb6 8.Qc2 d5
9.cxd5 cxd5 10.Bg5 Bf5 11.Qc1 Be4 12.Nxe4 dxe4 13.Nd2 Qxd4 14.Bxf6 Qxf6 15.Nxe4 Qb6
16.Rb1 Na6 17.b4 Rac8 18.Qa3 Rc4 19.Nc5 Rc3 20.Qa4 Nxc5 21.bxc5 Qxc5 22.Rxb7 Ra3
23.Qd7 Rxa2 24.Qxe7 Qxe7 25.Rxe7 Bf6 26.Rd7 Rxe2 27.Rxa7  1/2-1/2

[Event "7th Cup IM"]
[Site "Paks HUN"]
[Date "2003.11.20"]
[Round "2"]
[White "Szuhanek,R"]
[Black "Zlatic,M"]
[Result "1/2-1/2"]
[WhiteElo "2455"]
[BlackElo "2396"]

1.c4 Nf6 2.Nf3 g6 3.g3 Bg7 4.Bg2 O-O 5.O-O d6 6.Nc3 e5 7.d3 Nc6 8.Rb1 a5
9.a3 h6 10.b4 axb4 11.axb4 Be6 12.b5 Ne7 13.Qb3 Qc8 14.Re1 Nd7  1/2-1/2

[Event "Claude Pecaut Mem"]
[Site "Taormina ITA"]
[Date "2003.11.23"]
[Round "9"]
[White "Aldrovandi,C"]
[Black "Estremera Panos,S"]
[Result "1/2-1/2"]
[WhiteElo "2414"]
[BlackElo "2350"]

1.c4 Nf6 2.Nf3 g6 3.g3 Bg7 4.Bg2 O-O 5.O-O c5 6.Nc3 Nc6 7.Rb1 Rb8 8.a3 a6
9.b4 cxb4 10.axb4 b5 11.cxb5 axb5 12.d4  1/2-1/2

[Event "IM"]
[Site "Varazdin CRO"]
[Date "2003.11.24"]
[Round "6"]
[White "Fancsy,I"]
[Black "Makaj,M"]
[Result "1/2-1/2"]
[WhiteElo "2409"]
[BlackElo "2172"]

1.Nf3 Nf6 2.c4 g6 3.g3 Bg7 4.Bg2 O-O 5.d4 d6 6.Nc3 c6 7.O-O Qa5 8.h3 Qa6
9.b3 b5 10.Nd2 Bb7 11.Bb2 Nbd7 12.e4 bxc4 13.Nxc4 d5 14.Ne5 e6 15.Nd3 c5
16.dxc5 dxe4 17.Nb4 Qa5 18.c6 Qxb4 19.cxb7 Qxb7 20.Qe2 Rad8 21.Nxe4 Nxe4
22.Bxe4 Qb4 23.Bxg7 Kxg7 24.Rfd1 Nf6 25.Bf3 a5 26.Kg2 Rc8 27.Rac1 Qa3 28.Rxc8 Rxc8
29.Rd4 Rc5 30.Qd2 Qc1 31.Qxc1 Rxc1 32.Ra4 Rc5 33.b4 axb4 34.Rxb4 Nd5 35.Ra4 Kf6
36.Ra7 Rc2 37.Be4 Rb2 38.Bxd5  1/2-1/2

[Event "TCh-CZE Extraliga 2003-4"]
[Site "Czech Rep CZE"]
[Date "2003.12.06"]
[Round "3"]
[White "Neckar,L"]
[Black "Klima,L"]
[Result "1/2-1/2"]
[WhiteElo "2308"]
[BlackElo "2423"]

1.Nf3 Nf6 2.c4 g6 3.g3 Bg7 4.Bg2 O-O 5.d4 d6 6.Nc3 Nbd7 7.O-O e5 8.h3 Re8
9.e4 exd4 10.Nxd4 a6 11.Re1 Rb8 12.Bf4 Ne5 13.Bf1 Bd7 14.Rc1 Qc8 15.Kh2 h5
16.Nf3 Nxf3+ 17.Qxf3 h4 18.g4 Nh7 19.Kh1 Qd8 20.b4 Ng5  1/2-1/2

[Event "TCh-CZE Extraliga 2003-4"]
[Site "Czech Rep CZE"]
[Date "2003.12.07"]
[Round "4"]
[White "Jurka,M"]
[Black "Kalod,R"]
[Result "1/2-1/2"]
[WhiteElo "2358"]
[BlackElo "2465"]

1.Nf3 Nf6 2.c4 g6 3.g3 Bg7 4.Bg2 O-O 5.d4 d5 6.cxd5 Nxd5 7.O-O Nb6 8.Nc3 Nc6
9.d5 Na5 10.Qc2 c6 11.dxc6 Nxc6 12.Rd1 Bf5 13.e4 Bd7 14.Bh3 Qe8 15.Bxd7 Nxd7
16.Be3 Rc8  1/2-1/2

[Event "II Open"]
[Site "San Salvador ESA"]
[Date "2003.12.11"]
[Round "4"]
[White "Minero Pineda,S"]
[Black "Martinez,Ne"]
[Result "1-0"]
[WhiteElo "2417"]
[BlackElo "2076"]

1.Nf3 Nf6 2.c4 g6 3.g3 Bg7 4.Bg2 O-O 5.d4 d6 6.Nc3 c6 7.O-O Nbd7 8.h3 e5
9.e4 Qb6 10.c5 dxc5 11.dxe5 Ne8 12.e6 fxe6 13.Ng5 Ne5 14.f4 c4+ 15.Kh2 Nd3
16.e5 Qc7 17.Be4 Nc5 18.Bc2 h6 19.Nf3 Qf7 20.Be3 Nd7 21.Qe2 b5 22.Nh4 Nc7
23.Bxg6 Qe7 24.Be4 Rd8 25.Bxc6 Rb8 26.Bxa7  1-0

[Event "TCh-BEL 2003-4"]
[Site "Belgium BEL"]
[Date "2003.12.23"]
[Round "5"]
[White "Van Mechelen,J"]
[Black "Akhayan,R"]
[Result "1/2-1/2"]
[WhiteElo "2308"]
[BlackElo "2230"]

1.Nf3 Nf6 2.g3 g6 3.Bg2 Bg7 4.c4 O-O 5.O-O c6 6.d4 d5 7.cxd5 cxd5 8.Ne5 e6
9.Nc3 Nfd7 10.f4 Nc6 11.Be3 Ndxe5 12.fxe5 f6 13.exf6 Rxf6 14.Qd2 Qb6 15.Kh1 Bd7
16.Rxf6 Bxf6 17.Rd1 Na5 18.Bg1 Nc4 19.Qf4 Rf8 20.b3 Nd6 21.e4 Be7 22.Qd2 Nxe4
23.Nxe4 dxe4 24.Bxe4 Qa6 25.Qg2 Bc6 26.Bxc6 Qxc6 27.Qxc6 bxc6 28.Rc1 Rc8
29.Rc4 Bd8 30.b4 a6 31.a4 Kf7 32.b5 axb5 33.axb5 Ke7 34.Kg2  1/2-1/2

[Event "3rd NAO GM"]
[Site "Paris FRA"]
[Date "2003.12.23"]
[Round "9"]
[White "Maze,S"]
[Black "Marzolo,C"]
[Result "1/2-1/2"]
[WhiteElo "2464"]
[BlackElo "2462"]

1.Nf3 Nf6 2.c4 g6 3.g3 Bg7 4.Bg2 O-O 5.O-O d5 6.cxd5 Nxd5 7.d4 Nc6 8.e4 Nb6
9.d5 Na5 10.Nc3 c6 11.dxc6 Nxc6 12.Qe2 Bg4 13.Be3 Nd4 14.Bxd4 Bxf3 15.Qxf3 Qxd4
16.Rab1 e6 17.Rfd1 Qb4 18.a3 Qb3 19.Ne2 Qxf3 20.Bxf3 Nc4 21.Nd4 Rfd8 22.Be2 Rac8
23.Nb5 Nd2 24.Nxa7 Ra8 25.Rbc1 Bxb2 26.Rc2 Bxa3 27.Rdxd2 Rxd2 28.Rxd2 Rxa7
29.f4 Bc5+ 30.Kg2 Ra4 31.Rb2 b6 32.Bf3 Kg7 33.e5 h6 34.Bc6 Rd4 35.h4 g5 36.hxg5 hxg5
37.Kf3 Rd3+ 38.Kg4 gxf4 39.gxf4 f5+ 40.exf6+ Kxf6 41.Re2  1/2-1/2

[Event "Hilton Chess Festival"]
[Site "Basel SUI"]
[Date "2004.01.03"]
[Round "5"]
[White "Djuric,S"]
[Black "Gallagher,Jo"]
[Result "1-0"]
[WhiteElo "2487"]
[BlackElo "2524"]

1.Nf3 Nf6 2.c4 g6 3.g3 Bg7 4.Bg2 O-O 5.O-O d6 6.d4 Nbd7 7.Nc3 e5 8.e4 exd4
9.Nxd4 a6 10.a4 a5 11.Ndb5 Rb8 12.Bf4 b6 13.Qd2 Ne8 14.Bg5 f6 15.Bh6 Nc5
16.Bxg7 Kxg7 17.Rab1 Be6 18.Qe2 Qd7 19.b3 Bh3 20.Bxh3 Qxh3 21.f4 Qd7 22.h4 c6
23.Nd4 f5 24.exf5 gxf5 25.Rbe1 Rf7 26.Qh5 Kg8 27.Re3 Ng7 28.Qf3 Nce6 29.Nce2 Rc8
30.Re1 Re7 31.Kg2 h6 32.Kh2 Nxd4 33.Nxd4 Rxe3 34.Rxe3 Kf7 35.Qe2 d5 36.Nf3 Qd6
37.cxd5 cxd5 38.Nd4 Qc5 39.Qd3 Qc1 40.Kg2 Qb2+ 41.Re2 Rc3 42.Qb5 Rxg3+ 43.Kxg3 Qxd4
44.Kf3 Qd1 45.Kg2 Qd4 46.Qd7+  1-0

[Event "10th Open"]
[Site "Bosnjaci CRO"]
[Date "2004.01.03"]
[Round "1"]
[White "Tarakcija,H"]
[Black "Ljubicic,F"]
[Result "0-1"]
[WhiteElo "2253"]
[BlackElo "2413"]

1.Nf3 Nf6 2.g3 g6 3.c4 Bg7 4.Bg2 O-O 5.O-O d6 6.d4 Nbd7 7.Nc3 e5 8.e4 c6
9.h3 Qa5 10.Re1 exd4 11.Nxd4 Ne5 12.Bf1 Be6 13.Nxe6 fxe6 14.Kg2 Rad8 15.Be3 c5
16.Qb3 Qc7 17.Rad1 a6 18.Qc2 Nc6 19.Ne2 Rf7 20.Kg1 Rdf8 21.Bg2 Ne8 22.Rf1 Qb6
23.b3 Qc7 24.f4 Qe7 25.Qd2 e5 26.fxe5 Bxe5 27.Rxf7 Rxf7 28.Rf1 Rxf1+ 29.Kxf1 Nc7
30.Kg1 Qf6 31.Kh2 Nd4 32.Nxd4 cxd4 33.Bg5 Qf7 34.Bh6 Ne6 35.h4 Qf6 36.Bg5 Qf7
37.Qe2 Nc5 38.Bh6 d3 39.Qg4 Qe6 40.Qf3 Qf6 41.Qg4 Ne6 42.Bg5 Qf7 43.Qd1 Ng7
44.Bf3 Nh5 45.Bxh5 Qf2+ 46.Kh1 Qxg3  0-1

[Event "ch-AUS"]
[Site "Adelaide AUS"]
[Date "2004.01.05"]
[Round "7"]
[White "Bjelobrk,I"]
[Black "Canfell,G"]
[Result "1/2-1/2"]
[WhiteElo "2338"]
[BlackElo "2279"]

1.Nf3 Nf6 2.c4 g6 3.g3 Bg7 4.Bg2 O-O 5.O-O d6 6.d4 Nbd7 7.Nc3 e5 8.e4 c6
9.h3 Qb6 10.d5 cxd5 11.cxd5 Nc5 12.Nd2 a5 13.a4 Bd7 14.Qc2 Rfc8  1/2-1/2

[Event "ch-Commonwealth"]
[Site "Mumbai IND"]
[Date "2004.01.15"]
[Round "6"]
[White "Nambiar,V"]
[Black "Feldman,V"]
[Result "1/2-1/2"]
[WhiteElo "2180"]
[BlackElo "2322"]

1.Nf3 Nf6 2.c4 g6 3.g3 Bg7 4.Bg2 O-O 5.O-O d5 6.cxd5 Nxd5 7.d4 Nb6 8.Nc3 Nc6
9.e3 Re8 10.Qb3 e5 11.d5 Na5 12.Qc2 c6 13.dxc6 Nxc6 14.Rd1 Qe7 15.e4 Bg4
16.Bg5 Qc5 17.h3 Bxf3 18.Bxf3 h6 19.Bc1 Rad8 20.Rxd8 Rxd8 21.Bg2 Nd4 22.Qd1 Qb4
23.Rb1 a5 24.Be3 a4 25.Nd5 Nxd5 26.exd5 Qc4 27.b3 axb3 28.axb3 Qb5 29.Bxd4 exd4
30.Rc1 h5  1/2-1/2